[Event "Aeroflot Open"]
[Site "Moscow RUS"]
[Date "2006.02.09"]
[Round "2"]
[White "Mamedyarov,S"]
[Black "Sandipan,C"]
[Result "1/2-1/2"]
[WhiteElo "2709"]
[BlackElo "2522"]

1.d4 Nf6 2.c4 e6 3.Nf3 b6 4.g3 Ba6 5.b3 Bb4+ 6.Bd2 Be7 7.Nc3 d5 8.cxd5 Nxd5
9.Bg2 O-O 10.O-O Nd7 11.Nxd5 exd5 12.Rc1 Bd6 13.Re1 Bb7 14.Bg5 f6 15.Be3 Re8
16.Rc2 a5 17.Qc1 Nb8 18.Bf4 Na6 19.a3 Qe7 20.Bxd6 Qxd6 21.Nd2 c5 22.Nc4 Qe6
23.Qb2 cxd4 24.Qxd4 Rac8 25.Rec1 dxc4 26.Bxb7 Rcd8 27.Qxc4 Nc5 28.Qxe6+ Rxe6
29.Rxc5 bxc5 30.Rxc5 Re5 31.Rc2 Rb8 32.Ba6 Kf8 33.Rc3 Ree8 34.a4 Ra8 35.Bb5 Rac8
36.Rf3 Re5 37.Kg2 Ke7 38.Rd3 Rc7 39.Rd4 Rxb5 40.axb5 Rc5 41.Rh4 h6 42.Re4+ Kf7
43.b6 Rb5 44.Ra4 Rxb3 45.Rxa5 Rxb6 46.Ra7+ Kf8 47.Rd7 Rb2 48.e3 Ra2 49.h3 Rb2
50.Kf3 Ra2 51.Rd5 Kf7 52.h4 Rb2 53.h5 Ke6 54.Ra5 Kf7 55.Ra7+ Kf8 56.g4 Rc2
57.Kg3 Re2 58.Ra3 Rb2 59.Ra8+ Kf7 60.Ra7+ Kf8 61.f3 Rb4 62.e4 Rb3 63.Kf4 Rb5
64.Rd7 Ra5 65.Rd5 Ra3 66.Rb5 Rc3 67.Rb8+ Kf7 68.Rb7+ Kf8 69.Kg3 Ra3 70.Rd7 Rb3
71.Kf2 Ra3 72.Ke2 Kg8 73.Rd3 Ra4 74.Ke3 Kf7 75.Rd7+ Kf8 76.Rd3 Kf7 77.Rc3 Rb4
78.f4 Ra4 79.Kf3 Ra5 80.Rb3 Kf8 81.Ke3 Ra4 82.Kd3 Kf7 83.Rc3 Kf8 84.Ke3 Kf7
85.Rc7+ Kf8 86.Rd7 Ra3+ 87.Rd3 Ra4 88.Kf3 Ra5 89.Re3 Kf7 90.e5 fxe5 91.Rxe5 Ra4
92.Ke3 Kf6 93.Rd5 Ke6 94.Rc5 Rb4 95.Rc6+ Ke7 96.Rg6 Rb3+ 97.Kd4 Kf7 98.Rc6 Rg3
99.Rg6 Ra3 100.g5 hxg5 101.Rxg5 Rh3 102.Ke5 Rh1 103.Kf5 Rh4 104.Ke4  1/2-1/2

[Event "Aeroflot Open"]
[Site "Moscow RUS"]
[Date "2006.02.10"]
[Round "3"]
[White "Markus,R"]
[Black "Mamedyarov,S"]
[Result "0-1"]
[WhiteElo "2595"]
[BlackElo "2709"]

1.d4 Nf6 2.c4 g6 3.Nc3 d5 4.cxd5 Nxd5 5.Bd2 Bg7 6.e4 Nb6 7.Be3 O-O 8.Bb5 a6
9.Be2 f5 10.Nf3 f4 11.Bc1 Nc6 12.d5 Ne5 13.Qb3 Qd6 14.O-O Nxf3+ 15.Bxf3 g5
16.e5 Bxe5 17.Ne4 Qg6 18.Nc5 Bd6 19.Ne6 Bxe6 20.dxe6 g4 21.Bxb7 Rab8 22.Bxa6 Qh5
23.Rd1 Nd7 24.Qc2 Ne5 25.Rd4 g3 26.h3 f3 27.Bf4 fxg2  0-1

[Event "Aeroflot Open"]
[Site "Moscow RUS"]
[Date "2006.02.13"]
[Round "6"]
[White "Mamedyarov,S"]
[Black "Kempinski,R"]
[Result "1-0"]
[WhiteElo "2709"]
[BlackElo "2619"]

1.c4 Nf6 2.Nc3 g6 3.g3 Bg7 4.Bg2 O-O 5.d4 Nc6 6.Nf3 d5 7.cxd5 Nxd5 8.e4 Nb6
9.d5 Na5 10.O-O c6 11.Bg5 h6 12.Bf4 cxd5 13.exd5 Nac4 14.b3 g5 15.bxc4 gxf4
16.Qd3 Qc7 17.Nd2 fxg3 18.hxg3 Qe5 19.Rac1 Bf5 20.Qf3 Rac8 21.Rfe1 Qf6 22.Qe2 Qd4
23.Nb5 Qb2 24.d6 exd6 25.Nxd6 Rcd8 26.Nxf5 Rxd2 27.Qg4 Kh8 28.c5 Nd5 29.Rb1 Qf6
30.Rbd1 Rxd1 31.Rxd1 Nc3 32.Rd6 Qe5 33.Qxg7+ Qxg7 34.Nxg7  1-0

[Event "Aeroflot Open"]
[Site "Moscow RUS"]
[Date "2006.02.16"]
[Round "9"]
[White "Mamedyarov,S"]
[Black "Eljanov,P"]
[Result "1-0"]
[WhiteElo "2709"]
[BlackElo "2655"]

1.d4 Nf6 2.c4 e6 3.Nc3 Bb4 4.f3 O-O 5.a3 Bxc3+ 6.bxc3 Ne8 7.Nh3 b6 8.e4 Ba6
9.Bd3 c5 10.O-O Nc6 11.f4 f5 12.exf5 exf5 13.dxc5 bxc5 14.Be3 d6 15.Qa4 Bb7
16.Rab1 Qc8 17.Rfe1 Nd8 18.Bf2 Nf6 19.Bh4 Ne4 20.Be7 Bc6 21.Qd1 Re8 22.Bxe4 Bxe4
23.Bxd8 Qxd8 24.Ng5 Bc6 25.Qh5 h6 26.Qf7+ Kh8 27.Ne6 Qe7 28.Qxf5 Bd7 29.Rb7 Reb8
30.Qd5 Rxb7 31.Qxb7 Re8 32.f5 Bxe6 33.Qe4 Qf6 34.fxe6 Qxc3 35.e7 Qf6 36.h3 Kg8
37.Qd5+ Kh8 38.Re6 Qf4 39.Re4 Qf6 40.Qb7 Kg8 41.Qxa7 Kf7 42.Qd7 Qa1+ 43.Kh2 Qf6
44.a4 Rxe7 45.Rxe7+ Qxe7 46.Qxe7+ Kxe7 47.a5 Kd7 48.Kg3 Kc6 49.Kf4  1-0

[Event "XXII Open"]
[Site "Reykjavik ISL"]
[Date "2006.03.06"]
[Round "1"]
[White "Mamedyarov,S"]
[Black "Arngrimsson,D"]
[Result "1-0"]
[WhiteElo "2709"]
[BlackElo "2298"]

1.d4 d5 2.c4 c6 3.Nc3 dxc4 4.e4 b5 5.a4 b4 6.Na2 Nf6 7.e5 Nd5 8.Bxc4 e6 9.Nf3 Be7
10.Bd2 a5 11.Nc1 Ba6 12.Qe2 O-O 13.O-O c5 14.dxc5 Bxc5 15.Nb3 Be7 16.Rfc1 Qb6
17.Qe4 Rd8 18.Ng5 Bxg5 19.Bxg5 Rd7 20.Bb5 Rc7 21.Rxc7 Nxc7 22.Rc1 Nd5 23.Nd2 h6
24.Nc4 Qa7 25.Be3 Nxe3 26.fxe3 Bb7 27.Qf4 Nc6 28.Nd6 Nd8 29.Rc7 Qb6 30.Re7 Qc5
31.Re8+  1-0

[Event "XXII Open"]
[Site "Reykjavik ISL"]
[Date "2006.03.07"]
[Round "2"]
[White "Thorhallsson,T"]
[Black "Mamedyarov,S"]
[Result "1-0"]
[WhiteElo "2455"]
[BlackElo "2709"]

1.e4 Nf6 2.e5 Nd5 3.d4 d6 4.Bc4 Nb6 5.Bb3 dxe5 6.Qh5 e6 7.dxe5 c5 8.c3 Nc6
9.Qe2 g5 10.Bc2 Bd7 11.Nd2 Be7 12.Ne4 Nd5 13.Nh3 h6 14.Nd6+ Bxd6 15.exd6 Qb8
16.f4 Qxd6 17.fxg5 hxg5 18.Bxg5 f6 19.Bd2 O-O-O 20.O-O-O Rdg8 21.Kb1 Be8
22.Rde1 Bg6 23.Bxg6 Rxg6 24.Rhf1 e5 25.Bc1 Qe6 26.Rd1 Nce7 27.Ka1 Qg4 28.Qb5 b6
29.Nf2 Qxg2 30.c4 Nb4 31.Qd7+ Kb8 32.Qxe7 Nc2+ 33.Kb1 Nd4 34.Be3 Ka8 35.Bxd4 cxd4
36.Nd3 Qb7 37.Qe6 Qc8 38.Qd5+ Qb7 39.Qe6 Qc8 40.Qe7  1-0

[Event "XXII Open"]
[Site "Reykjavik ISL"]
[Date "2006.03.08"]
[Round "3"]
[White "Mamedyarov,S"]
[Black "Kjartansson,D"]
[Result "1-0"]
[WhiteElo "2709"]
[BlackElo "2260"]

1.d4 Nf6 2.c4 g6 3.Nc3 Bg7 4.g3 c6 5.e4 d6 6.Bg2 O-O 7.Nf3 Bg4 8.O-O e5 9.d5 cxd5
10.cxd5 Qa5 11.Be3 Rc8 12.Qb1 Qd8 13.Rc1 Bd7 14.h3 Nh5 15.Qd3 Na6 16.Qd1 Nf6
17.Nd2 Nc5 18.Nc4 Ne8 19.b4 Na4 20.Nxa4 b5 21.Ncb6 Rxc1 22.Rxc1 axb6 23.Nxb6  1-0

[Event "XXII Open"]
[Site "Reykjavik ISL"]
[Date "2006.03.09"]
[Round "4"]
[White "Steingrimsson,H"]
[Black "Mamedyarov,S"]
[Result "0-1"]
[WhiteElo "2439"]
[BlackElo "2709"]

1.Nf3 Nf6 2.c4 e6 3.Nc3 Bb4 4.Qc2 c5 5.a3 Ba5 6.g3 d5 7.Na4 Na6 8.Nxc5 Nxc5
9.b4 Bd7 10.bxc5 Rc8 11.cxd5 exd5 12.Bg2 b6 13.c6 Rxc6 14.Qb3 O-O 15.O-O Re8
16.e3 Rc4 17.Nd4 Ba4 18.Qb1 Ne4 19.Nb3 Qd6 20.d3 Nc3 21.Qb2 Rc7 22.Bf3 Ne2+
23.Qxe2 Bxb3 24.Rb1 Rc2 25.Qd1 Ba4 26.Rb2 Rec8 27.Rxc2 Bxc2 28.Qe2 d4 29.exd4 Qxd4
30.Be4 Qd7 31.Qf3 g6 32.Bb2 Bc3 33.Bxc3 Rxc3 34.Qf6 Rc8 35.Rc1 Bb3 36.Rc3 Be6
37.h4 Rxc3 38.Qxc3 h5 39.Qe5 Qc8 40.Kg2 Bh3+ 41.Kh2 Bf5 42.Kg2 Bxe4+ 43.Qxe4 a5
44.d4 b5 45.d5 Qd7 46.Qe5 f6 47.Qb8+ Kf7 48.Kh2 Ke7 49.Qb6 Qxd5 50.Qxa5 Qc5
51.Kg2  0-1

[Event "XXII Open"]
[Site "Reykjavik ISL"]
[Date "2006.03.11"]
[Round "6"]
[White "Fressinet,L"]
[Black "Mamedyarov,S"]
[Result "1/2-1/2"]
[WhiteElo "2625"]
[BlackElo "2709"]

1.e4 e5 2.Nf3 Nc6 3.Bb5 a6 4.Ba4 Nf6 5.O-O Be7 6.Re1 b5 7.Bb3 d6 8.c3 O-O
9.d4 Bg4 10.d5 Na5 11.Bc2 Qc8 12.Nbd2 c6 13.dxc6 Qxc6 14.h3 Be6 15.Nf1 Nc4
16.b3 Nb6 17.Bd2 Rad8 18.Qe2 Rfe8 19.Rac1 Bf8 20.Bd3 h6 21.c4 bxc4 22.bxc4 Na4
23.Bb4 Rb8 24.a3 Nc5 25.Bc2 Rec8 26.N3d2 Ra8 27.Qd1 a5 28.Bc3 Bd7 29.Rb1 Na4
30.Ba1 Rab8 31.Rxb8 Rxb8 32.Ne3 Nc5 33.Qf3  1/2-1/2

[Event "XXII Open"]
[Site "Reykjavik ISL"]
[Date "2006.03.14"]
[Round "9"]
[White "Stefansson,H"]
[Black "Mamedyarov,S"]
[Result "0-1"]
[WhiteElo "2585"]
[BlackElo "2709"]

1.d4 Nf6 2.c4 e6 3.Nf3 b6 4.g3 Ba6 5.Qb3 c5 6.d5 exd5 7.cxd5 g6 8.Bf4 d6
9.Nc3 Bg7 10.Bg2 O-O 11.O-O Re8 12.Rfe1 Nh5 13.Bg5 Qc8 14.Nb5 Bxb5 15.Qxb5 Qd7
16.Qb3 Na6 17.a4 h6 18.Bd2 Nf6 19.Qd3 Qc8 20.Nh4 c4 21.Qc2 Qc5 22.e4 Ng4
23.Re2 Nb4 24.Bxb4 Qxb4 25.Nf3 a6 26.Bh3 h5 27.Rd1 Qc5 28.Bxg4 hxg4 29.Nd2 b5
30.Nf1 Ra7 31.Rde1 Rae7 32.axb5 axb5 33.h3 gxh3 34.Kh2 b4 35.Rc1 c3 36.bxc3 bxc3
37.Kxh3 f5 38.f3 fxe4 39.fxe4 Be5 40.Kg2 Rh7 41.Qd3 Rf8 42.Qa6 Qd4 43.Nh2 Rf2+  0-1

[Event "Glitnir Blitz"]
[Site "Reykjavik ISL"]
[Date "2006.03.16"]
[Round "4.1"]
[White "Anand,V"]
[Black "Mamedyarov,S"]
[Result "1/2-1/2"]
[WhiteElo "2792"]
[BlackElo "2709"]

1.e4 e5 2.Nf3 Nc6 3.Bb5 a6 4.Ba4 d6 5.O-O Bd7 6.c3 g6 7.d4 Bg7 8.Be3 Nf6
9.Nbd2 O-O 10.d5 Ne7 11.Bxd7 Qxd7 12.h3 h6 13.c4 c5 14.Ne1 b5 15.b4 bxc4
16.bxc5 c3 17.Nc4 Nxe4 18.Nb6 Qb5 19.Rb1 Qa5 20.cxd6 Nxd6 21.Nxa8 Rxa8 22.Nc2 Nxd5  1/2-1/2

[Event "1st Rapid"]
[Site "Canada de Calatrava ESP"]
[Date "2006.04.16"]
[Round "7"]
[White "Epishin,V"]
[Black "Mamedyarov,S"]
[Result "0-1"]
[WhiteElo "2565"]
[BlackElo "2699"]

1.d4 Nf6 2.c4 g6 3.Nc3 Bg7 4.e4 O-O 5.Nf3 d6 6.Be2 Bg4 7.Be3 Nfd7 8.O-O c5
9.d5 Na6 10.Qd2 Re8 11.Bh6 Bh8 12.h3 Bxf3 13.Bxf3 Nc7 14.Rad1 a6 15.Be2 b5
16.f4 b4 17.Na4 e6 18.e5 exd5 19.exd6 Ne6 20.Qxd5 Bd4+ 21.Kh1 Nf6 22.Qf3 Qxd6
23.f5 Ng7 24.Bf4 Qe7 25.Bd3 Nxf5 26.Bxf5 gxf5 27.Nb6 Rad8 28.Bg5 Qe4 29.Rxd4 Qxd4
30.Qxf5 Ne4 31.Bh4 Qg7 32.Rf4 Re5 33.Qg4 Rde8 34.Nd7 f5 35.Qxg7+ Kxg7 36.Nxe5 Rxe5
37.g4 Nd6 38.Kg2 Re2+ 39.Rf2 Re4 40.b3 fxg4 41.Bg3 gxh3+ 42.Kxh3 Re3 43.Kg2 Rxg3+  0-1

[Event "XIII TCh-RUS"]
[Site "Sochi RUS"]
[Date "2006.04.21"]
[Round "2"]
[White "Mamedyarov,S"]
[Black "Riazantsev,A"]
[Result "1/2-1/2"]
[WhiteElo "2699"]
[BlackElo "2593"]

1.d4 Nf6 2.c4 e6 3.Nf3 b6 4.a3 Bb7 5.Nc3 d5 6.cxd5 Nxd5 7.Qc2 c5 8.e4 Nxc3
9.bxc3 Nd7 10.Bd3 g6 11.Bf4 Bg7 12.Bd6 Bf8 13.Bxf8 Kxf8 14.O-O Kg7 15.a4 Qc7
16.Qe2 Nf6 17.a5 Rhd8 18.a6 Bc6 19.h3 Rac8 20.Qe3 Ba8 21.Rfd1 Qe7 22.Rac1 Rc7
23.Qf4 Rdc8 24.Rb1 cxd4 25.cxd4 Rc3 26.Ne5 Rd8 27.Qd2 Rcc8 28.Qe3 Rc3 29.f3 Rdc8
30.Qe1 Nd7 31.Ng4 h5 32.Nf2 Qg5 33.Rb5 Qf4 34.Bf1 Rc1 35.Rb1 R1c2 36.Nd3 Qg5
37.Rbc1 Rxc1 38.Rxc1 Rxc1 39.Qxc1 Qxc1 40.Nxc1 Bc6 41.Kf2 h4 42.Ke3 g5 43.Na2 f6
44.Nc3 Nb8 45.f4 Bd7 46.Na2 Kf7 47.fxg5 fxg5 48.Nb4 Ke7 49.Kf3 Nc6 50.Nxc6+ Bxc6
51.Kg4 Kf6 52.e5+ Kg6 53.Bd3+ Kh6 54.Bc4 Bd7 55.g3 hxg3 56.Kxg3 b5 57.Bb3 Bc8
58.Kg4 b4 59.Bc4 Bd7 60.h4 gxh4 61.Kxh4 Kg6 62.Kg4 Kf7 63.Kf4 Ba4 64.Ke3 b3
65.Kd2 b2 66.Ba2 Bb3 67.Bb1 Bc4 68.Kc3 Bxa6 69.Ba2 Ke7 70.Kxb2 Bb5 71.Kc3 a5
72.d5 exd5 73.Bxd5 Bd7 74.Kc4 Be6 75.Bxe6 Kxe6 76.Kb5 Kxe5 77.Kxa5  1/2-1/2

[Event "XIII TCh-RUS"]
[Site "Sochi RUS"]
[Date "2006.04.25"]
[Round "6"]
[White "Mamedyarov,S"]
[Black "Kharlov,A"]
[Result "1-0"]
[WhiteElo "2699"]
[BlackElo "2555"]

1.d4 d5 2.Nf3 e6 3.c4 dxc4 4.e3 c5 5.Bxc4 a6 6.O-O Nf6 7.Bb3 cxd4 8.exd4 Nc6
9.Nc3 Be7 10.Bg5 O-O 11.Rc1 Nd5 12.Be3 Nxc3 13.Rxc3 Nb4 14.Ne5 Nd5 15.Rc1 Bd7
16.Qg4 Bb5 17.Bh6 Bf6 18.Rfe1 Ne7 19.Bd2 Qd6 20.Nxf7 Rxf7 21.Rxe6 Qd7 22.Rxf6 Qxg4
23.Rxf7 Kh8 24.Rxe7 Rc8 25.Rxc8+ Qxc8 26.d5  1-0

[Event "XIII TCh-RUS"]
[Site "Sochi RUS"]
[Date "2006.04.26"]
[Round "7"]
[White "Mamedyarov,S"]
[Black "Bologan,V"]
[Result "1-0"]
[WhiteElo "2699"]
[BlackElo "2666"]

1.d4 Nf6 2.c4 g6 3.Nf3 Bg7 4.g3 O-O 5.Bg2 d6 6.O-O Nc6 7.Nc3 a6 8.h3 Bd7
9.e4 e5 10.dxe5 dxe5 11.Be3 Be6 12.Qa4 Qc8 13.Kh2 Re8 14.Rfd1 h6 15.c5 Rd8
16.b4 g5 17.Rxd8+ Qxd8 18.Rd1 Qf8 19.b5 axb5 20.Qxb5 Rb8 21.g4 Nd7 22.Ne2 Qe8
23.Rd2 Nf8 24.Ng3 Ng6 25.Nf5 Nf4 26.a4 Bxf5 27.gxf5 Nh5 28.Ng1 Nf6 29.Ne2 Nd7
30.Kg1 Qe7 31.Qc4 Ra8 32.Qb5 Rb8 33.Rd5 Nf6 34.Rd2 Nd7 35.Qc4 Nd4 36.Nxd4 exd4
37.Bxd4 Bxd4 38.Qxd4 Ne5 39.Qc3 Ra8 40.Rd5 Re8 41.Qb3 c6 42.Rd6 Kh7 43.Qd1 Qf8
44.Bf1 Re7 45.Be2 f6 46.Bh5 Rg7 47.Qb3 Re7 48.a5 Kg7 49.Qd1 Rc7 50.h4 Qe7
51.hxg5 hxg5 52.Re6 Qxc5 53.Qd8 Rf7 54.Kg2 Qb4 55.Rxe5 fxe5 56.Qxg5+ Kf8
57.Qh6+ Rg7+ 58.Kh2 Kg8 59.f6  1-0

[Event "XIII TCh-RUS"]
[Site "Sochi RUS"]
[Date "2006.04.27"]
[Round "8"]
[White "Tomashevsky,E"]
[Black "Mamedyarov,S"]
[Result "1/2-1/2"]
[WhiteElo "2595"]
[BlackElo "2699"]

1.d4 Nf6 2.c4 g6 3.Nc3 d5 4.Nf3 Bg7 5.e3 O-O 6.b4 c6 7.Bb2 Bg4 8.Qb3 a5 9.b5 Nbd7
10.Na4 Rc8 11.h3 Bxf3 12.gxf3 dxc4 13.Bxc4 c5 14.Rd1 cxd4 15.Bxd4 Qc7 16.Rc1 Qd8
17.Ke2 Ne8 18.Bxg7 Kxg7 19.Qb2+ Kg8 20.Qd4 Nd6 21.Bd3 Nf6 22.Qe5 Re8 23.h4 e6
24.Rxc8 Nxc8 25.Rc1 Nd5 26.h5 Qd6 27.Qxd6 Nxd6 28.hxg6 hxg6 29.b6 Rc8 30.Rxc8+ Nxc8
31.Be4 Ncxb6 32.Nxb6 Nxb6 33.Bxb7 Kf8 34.Kd3 Ke7 35.Kd4 Kd6 36.f4 f6 37.Be4 f5
38.Bf3 Nd7 39.Kc4 e5 40.Kb5 exf4 41.exf4 Nf8 42.Kxa5 Kc5 43.a4 Ne6  1/2-1/2

[Event "XIII TCh-RUS"]
[Site "Sochi RUS"]
[Date "2006.04.28"]
[Round "9"]
[White "Mamedyarov,S"]
[Black "Volkov,S1"]
[Result "1-0"]
[WhiteElo "2699"]
[BlackElo "2620"]

1.d4 d5 2.c4 c6 3.Nc3 Nf6 4.e3 a6 5.Qc2 b5 6.b3 Bg4 7.Nge2 Nbd7 8.h3 Bxe2
9.Bxe2 e6 10.O-O Be7 11.e4 b4 12.exd5 bxc3 13.dxc6 Nf8 14.Qxc3 Ng6 15.b4 Qb6
16.b5 axb5 17.cxb5 Nd5 18.Qc4 O-O 19.a4 Bb4 20.Bf3 Nge7 21.Bg5 h6 22.Bxe7 Bxe7
23.Bxd5 exd5 24.Qxd5 Rfd8 25.Qe4 Bf6 26.d5 Bxa1 27.Rxa1 Qc5 28.Rd1 Re8 29.Qf4 Re2
30.c7 Rxa4 31.c8=R+ Qxc8 32.Qxa4 Qc5 33.Kh2 Qxf2 34.Qg4 Re8 35.d6 Qc5 36.Qd7 Qe5+
37.Kh1 Qe2 38.Rc1 Rf8 39.b6 f5 40.b7 Kh7 41.Qc8 Qd2 42.b8=Q  1-0

[Event "XIII TCh-RUS"]
[Site "Sochi RUS"]
[Date "2006.04.29"]
[Round "10"]
[White "Mamedyarov,S"]
[Black "Brodsky,M"]
[Result "1-0"]
[WhiteElo "2699"]
[BlackElo "2561"]

1.d4 Nf6 2.Nf3 e6 3.e3 b6 4.Bd3 Bb7 5.O-O g6 6.c4 Bg7 7.Nc3 d5 8.cxd5 exd5
9.b4 O-O 10.a4 Re8 11.Qb3 a6 12.Ba3 Nbd7 13.b5 axb5 14.axb5 Bf8 15.Rfc1 Bxa3
16.Rxa3 Rxa3 17.Qxa3 Qa8 18.Qb4 Rc8 19.h3 Qa7 20.g4 Ra8 21.Ne2 Qb8 22.g5 Ne8
23.Nf4 Qd8 24.h4 Nf8 25.Bf1 Ra5 26.Ne5 h6 27.gxh6 Nh7 28.h5 g5 29.Nfg6 Nd6
30.Qc3 Ne8 31.Nc6 Bxc6 32.Qxc6 Nhf6 33.Ne5 Qe7 34.Bd3 Ra3 35.h7+ Nxh7 36.Bxh7+ Kxh7
37.Qxd5 Nd6 38.Nc4 Nxc4 39.Rxc4 Kh8 40.Qf5 Ra8 41.Rc6 Kg7 42.h6+ Kh8 43.Rxc7  1-0

[Event "President's Cup"]
[Site "Baku AZE"]
[Date "2006.05.04"]
[Round "1"]
[White "Shukurova,M"]
[Black "Mamedyarov,S"]
[Result "0-1"]
[WhiteElo "2205"]
[BlackElo "2699"]

1.e4 Nf6 2.e5 Nd5 3.d4 d6 4.c4 Nb6 5.exd6 exd6 6.Nc3 Be7 7.Be3 Nc6 8.Be2 O-O
9.Nf3 Bg4 10.b3 f5 11.O-O f4 12.Bc1 Bf6 13.Bb2 Kh8 14.Ne4 d5 15.Nxf6 Qxf6
16.Rc1 Rad8 17.c5 Nc8 18.Qd2 N8e7 19.b4 Nf5 20.Rcd1 Rde8 21.Rfe1 Qg6 22.Kh1 a6
23.a4 Qh5 24.b5 axb5 25.axb5 Na5 26.Ne5 Rxe5 27.Bxg4 Rxe1+ 28.Rxe1 Qxg4 29.f3 Ng3+
30.Kg1 Nc4 31.fxg4 Nxd2 32.hxg3 f3 33.Kf2 Ne4+ 34.Ke3 fxg2 35.Rg1 Rf2 36.Ba3 Ra2
37.Bb4 Ng5 38.Bd2 Rxd2  0-1

[Event "President's Cup"]
[Site "Baku AZE"]
[Date "2006.05.08"]
[Round "5"]
[White "Dovliatov,S"]
[Black "Mamedyarov,S"]
[Result "0-1"]
[WhiteElo "2429"]
[BlackElo "2699"]

1.e4 Nf6 2.e5 Nd5 3.g3 d6 4.exd6 Qxd6 5.Bg2 Nc6 6.Nc3 Nxc3 7.bxc3 g6 8.Nf3 Bg7
9.O-O O-O 10.d4 e5 11.dxe5 Qc5 12.Rb1 Qxc3 13.Bf4 Rd8 14.Qc1 b6 15.Re1 Be6
16.Bh6 Bxa2 17.Bxg7 Kxg7 18.Ra1 Bd5 19.Qg5 Bxf3 20.Qf6+ Kg8 21.Bxf3 Nd4 22.Bxa8 Rxa8
23.Red1 a5 24.Ra4 c5 25.Qxb6 Qxc2 26.Rda1 Re8 27.h4 Nf3+ 28.Kg2 Nxe5 29.R1a2 Qd3
30.Qb7 Nc4 31.Qc6 Re1 32.Rxc4 Qxc4 33.Rb2 Kg7 34.Kh2 a4 35.Qf3 Qe4  0-1

[Event "President's Cup"]
[Site "Baku AZE"]
[Date "2006.05.09"]
[Round "6"]
[White "Mamedyarov,S"]
[Black "Akhmedov,F"]
[Result "1-0"]
[WhiteElo "2699"]
[BlackElo "2211"]

1.d4 g6 2.Nf3 Bg7 3.g3 Nf6 4.Bg2 O-O 5.c4 d6 6.O-O Nc6 7.Nc3 e5 8.d5 Ne7
9.e4 b6 10.Ne1 Nd7 11.Nd3 f5 12.f4 exf4 13.Bxf4 Nc5 14.Nxc5 bxc5 15.Qd2 Rb8
16.b3 fxe4 17.Rae1 e3 18.Bxe3 Rxf1+ 19.Rxf1 Nf5 20.Bf2 Nd4 21.Kh1 a6 22.Ne4 Bf5
23.Ng5 Bh6 24.h4 Qf6 25.Bxd4 Qxd4 26.Qa5 Bxg5 27.hxg5 Re8 28.Qxc7 Qe5 29.Kh2 Re7
30.Qb6 Kg7 31.Qxa6 Re8 32.Qa5 h6 33.gxh6+ Kxh6 34.Qd2+ Kg7 35.Qf2 Ra8 36.Rd1 Rf8
37.Re1 Qd4 38.Qxd4+ cxd4 39.Rd1 Ra8 40.Rxd4 Rxa2 41.g4 Bc2 42.b4 Ra4 43.b5 Kf6
44.b6 Ke5 45.Rd2 Bb3 46.c5 dxc5 47.d6 Be6  1-0

[Event "President's Cup"]
[Site "Baku AZE"]
[Date "2006.05.11"]
[Round "8"]
[White "Mamedyarov,S"]
[Black "Miroshnichenko,E"]
[Result "1-0"]
[WhiteElo "2699"]
[BlackElo "2608"]

1.d4 Nf6 2.c4 e6 3.Nf3 d5 4.Nc3 Nbd7 5.Bf4 dxc4 6.e3 Nb6 7.Bxc4 Nxc4 8.Qa4+ Bd7
9.Qxc4 Bd6 10.Bg5 h6 11.Bh4 Bc6 12.Ne5 Bxe5 13.dxe5 g5 14.exf6 gxh4 15.Qxh4 Qd6
16.Rd1 Qe5 17.e4 Qg5 18.Qxg5 hxg5 19.O-O Rh6 20.e5 Rh4 21.b3 a5 22.Rd3 a4
23.bxa4 Bxa4 24.Nxa4 Rhxa4 25.Rfd1 Ra3 26.Rd7 Rxa2 27.h4 Ra1 28.Re7+ Kf8
29.Rxa1 Rxa1+ 30.Kh2 gxh4 31.Rxc7 Kg8 32.Rc4 Re1 33.Rg4+ Kf8 34.Rc4 Kg8 35.f4 Rb1
36.f5 Rb6 37.Rc8+ Kh7 38.Rf8 exf5 39.Rxf7+ Kg6 40.Rg7+ Kh6 41.Rg8  1-0

[Event "Aerosvit GM"]
[Site "Foros UKR"]
[Date "2006.06.17"]
[Round "1"]
[White "Rublevsky,S"]
[Black "Mamedyarov,S"]
[Result "0-1"]
[WhiteElo "2687"]
[BlackElo "2699"]

1.e4 e5 2.Nf3 Nc6 3.Nc3 Nf6 4.Bb5 Nd4 5.Ba4 c6 6.Nxe5 d5 7.d3 Bd6 8.f4 Bc5
9.exd5 O-O 10.Ne4 Nxe4 11.dxe4 Qh4+ 12.g3 Qh3 13.Be3 Qg2 14.Rg1 Qxe4 15.Kf2 Re8
16.Qd3 Rxe5 17.fxe5 Qf3+ 18.Ke1 Bf5 19.Rf1 Bb4+ 20.c3 Bxd3 21.Rxf3 Nxf3+
22.Kf2 Nxh2 23.cxb4 Ng4+ 24.Kf3 Nxe5+ 25.Kf4 Ng6+ 26.Kf3 cxd5 27.Rc1 Ne5+
28.Kf4 Ng6+ 29.Kf3 b5 30.Bb3 Bc4 31.Bc2 Ne5+ 32.Kf4 f6 33.Rd1 Bxa2 34.b3 Rc8
35.Bc5 a5 36.Bf5 Bxb3 37.Rb1 Bc2 38.Be6+ Kh8 39.Ra1 Re8 40.bxa5 Nd3+ 41.Kf3 Nxc5
42.Bxd5 b4 43.a6 Nxa6  0-1

[Event "Aerosvit GM"]
[Site "Foros UKR"]
[Date "2006.06.19"]
[Round "3"]
[White "Areshchenko,A"]
[Black "Mamedyarov,S"]
[Result "0-1"]
[WhiteElo "2660"]
[BlackElo "2699"]

1.e4 e5 2.Bc4 Nf6 3.d3 c6 4.Nf3 Be7 5.O-O d6 6.c3 O-O 7.Bb3 Qc7 8.Re1 Nbd7
9.Nbd2 Nc5 10.Bc2 Ne6 11.Nf1 Re8 12.Ng3 Bf8 13.h3 g6 14.d4 Bg7 15.Be3 Bd7
16.Qd2 Rad8 17.Rad1 Bc8 18.Qc1 c5 19.d5 Nf8 20.Ba4 Bd7 21.Bxd7 Qxd7 22.b3 Kh8
23.Nd2 h5 24.a4 N8h7 25.Ngf1 Re7 26.Qc2 Ng8 27.Nc4 Bh6 28.Qd2 Kg7 29.Bxh6+ Nxh6
30.Nfe3 Rf8 31.b4 cxb4 32.cxb4 f5 33.exf5 Nxf5 34.Nxf5+ Rxf5 35.b5 Ref7 36.Qb4 R7f6
37.Re2 Rf4 38.Qb3 Ng5 39.Nd2 Qf5 40.Rf1 Rd4 41.a5 Rd3 42.Qb2 Qf4 43.Rc1 Nxh3+
44.gxh3 Qg5+ 45.Kf1 Rxh3 46.Ke1 Rh1+ 47.Nf1 Qg2  0-1

[Event "Aerosvit GM"]
[Site "Foros UKR"]
[Date "2006.06.21"]
[Round "5"]
[White "Grischuk,A"]
[Black "Mamedyarov,S"]
[Result "1/2-1/2"]
[WhiteElo "2719"]
[BlackElo "2699"]

1.e4 e5 2.Nf3 Nc6 3.Bb5 a6 4.Ba4 Nf6 5.O-O Be7 6.Re1 b5 7.Bb3 d6 8.c3 O-O
9.h3 Be6 10.d4 Bxb3 11.Qxb3 d5 12.exd5 Na5 13.Qc2 exd4 14.cxd4 Nxd5 15.Nc3 Nxc3
16.Qxc3 Nc4 17.a4 Rc8 18.b3 Nb6 19.Qa5 bxa4 20.bxa4 Ra8 21.Rxe7 Qxe7 22.Ba3 Qd8
23.Bxf8 Qxf8 24.Qe5 Qd6 25.a5 Nd5 26.Rc1 Rd8 27.Rc5 h6 28.g3 c6 29.Kg2 Nb4
30.Rc4 Nd5 31.Rc5 Nb4 32.Rc3 Qd5 33.Qe7 Qxa5 34.Ne5 Qd5+ 35.Kg1 Rb8 36.Rc5 Qa2
37.Kg2 f6 38.Qd6 Re8 39.Ng4 Qb1 40.d5 Re1 41.Qd8+ Kh7 42.Nxf6+ gxf6 43.Qd7+ Kg6
44.Rc4 Rg1+ 45.Kh2 Rh1+ 46.Kg2 Qf1+ 47.Kf3 Qd3+ 48.Kg2 Qf1+ 49.Kf3 Qd1+ 50.Kg2  1/2-1/2

[Event "Aerosvit GM"]
[Site "Foros UKR"]
[Date "2006.06.24"]
[Round "7"]
[White "Mamedyarov,S"]
[Black "Karjakin,Sergey"]
[Result "1/2-1/2"]
[WhiteElo "2699"]
[BlackElo "2661"]

1.e4 c5 2.Nf3 d6 3.d4 cxd4 4.Nxd4 Nf6 5.Nc3 a6 6.h3 e6 7.g4 d5 8.Bg2 Bb4
9.O-O O-O 10.exd5 Bxc3 11.bxc3 Nxd5 12.Qd3 Qc7 13.c4 Nf4 14.Bxf4 Qxf4 15.Rab1 Nd7
16.Rfd1 Qc7 17.Nb3 Ra7 18.Qe3 b6 19.Rd4 Bb7 20.Rbd1 Ne5 21.Bxb7 Rxb7 22.Qe4 g5
23.Rd6 Ng6 24.Qd4 Rc8 25.Qf6 h6 26.Rxe6 Qxc4 27.Re3 Qc6 28.Rd6 Qxc2 29.Nd4 Qb2
30.Qf5 Qc1+ 31.Kh2 Nh4 32.Qf6 Qf1 33.Rg3 Qe1 34.Re3 Qf1 35.Rg3 Qe1 36.Re3 Qf1  1/2-1/2

[Event "Aerosvit GM"]
[Site "Foros UKR"]
[Date "2006.06.25"]
[Round "8"]
[White "Ponomariov,R"]
[Black "Mamedyarov,S"]
[Result "0-1"]
[WhiteElo "2738"]
[BlackElo "2699"]

1.d4 Nf6 2.c4 g6 3.Nc3 Bg7 4.e4 O-O 5.Bg5 d6 6.Qd2 c5 7.d5 e6 8.Nge2 exd5
9.cxd5 a6 10.a4 h5 11.Nc1 Qe8 12.f3 Nbd7 13.Be2 Nh7 14.Bh6 f5 15.Bxg7 Kxg7
16.exf5 Rxf5 17.O-O Ndf6 18.Bd3 Re5 19.N1e2 Bd7 20.Rae1 Qf7 21.Nf4 Rxe1 22.Qxe1 Nf8
23.Qg3 Kh6 24.Ne4 Nxe4 25.fxe4 Qe7 26.e5 Qxe5 27.Bxg6 Bg4 28.Bf7 Nh7 29.h3 Ng5
30.hxg4 Nxf7 31.gxh5 Ng5 32.Re1 Qd4+ 33.Kh2 Rg8 34.Ng6 Qf6 35.Qg4 b5 36.axb5 axb5
37.Re3 c4 38.Qe2 Qd4 39.Re6 Nxe6 40.Qxe6 Kh7 41.Qd7+ Rg7 42.Qf5 Kh6 43.g4 Qd2+
44.Kg3 Qd3+ 45.Kf4 Rf7  0-1

[Event "Aerosvit GM"]
[Site "Foros UKR"]
[Date "2006.06.26"]
[Round "9"]
[White "Mamedyarov,S"]
[Black "Nisipeanu,LD"]
[Result "1/2-1/2"]
[WhiteElo "2699"]
[BlackElo "2695"]

1.d4 Nf6 2.c4 c5 3.d5 e5 4.Nc3 d6 5.e4 Nbd7 6.Nge2 a6 7.a4 g6 8.h3 h5 9.Be3 Bh6
10.Bxh6 Rxh6 11.Qd2 Rh8 12.g3 h4 13.Bg2 Nh7 14.g4 Qg5 15.a5 Rb8 16.Na4 b5
17.axb6 Qxd2+ 18.Kxd2 Nxb6 19.Nxb6 Rxb6 20.Kc3 f5 21.gxf5 gxf5 22.f4 Rg8
23.Rhg1 Rb7 24.Bf3 Rxg1 25.Rxg1 Nf6 26.fxe5 dxe5 27.exf5 Bxf5 28.Ra1 e4 29.Bh1 Bxh3
30.Rxa6 Kf7 31.Nf4 Bg4 32.Ra1 h3 33.d6 h2 34.Nd3 Rb6 35.Ne5+ Ke6 36.d7 Ke7
37.Nxg4 Nxg4 38.Bxe4 Nf2 39.Ba8 Rh6 40.Rf1 h1=Q 41.Bxh1 Nxh1 42.Rf3 Kxd7
43.b4  1/2-1/2

[Event "Aerosvit GM"]
[Site "Foros UKR"]
[Date "2006.06.27"]
[Round "10"]
[White "Volokitin,And"]
[Black "Mamedyarov,S"]
[Result "1/2-1/2"]
[WhiteElo "2660"]
[BlackElo "2699"]

1.e4 e5 2.Nf3 Nc6 3.Bb5 a6 4.Ba4 Nf6 5.O-O Be7 6.Re1 b5 7.Bb3 d6 8.c3 O-O
9.h3 Na5 10.Bc2 c5 11.d4 Nd7 12.Nbd2 cxd4 13.cxd4 Nc6 14.Nb3 a5 15.Bd3 Ba6
16.d5 Nb4 17.Bf1 a4 18.Nbd4 exd4 19.a3 Nxd5 20.exd5 Ne5 21.Nxd4 Qd7 22.Bf4 Bf6
23.Qd2 Rfc8 24.Bg5 Bxg5 25.Qxg5 Rc5 26.Nf5 f6 27.Qf4 Bb7  1/2-1/2

[Event "TCh-ESP Honor Gp2"]
[Site "San Sebastian ESP"]
[Date "2006.09.17"]
[Round "5"]
[White "Tiviakov,S"]
[Black "Mamedyarov,S"]
[Result "0-1"]
[WhiteElo "2668"]
[BlackElo "2722"]

1.e4 e5 2.Nf3 Nc6 3.d4 exd4 4.Nxd4 Bc5 5.Nxc6 Qf6 6.Qd2 dxc6 7.Nc3 Bd4 8.Bc4 Be6
9.Bxe6 fxe6 10.Nd1 O-O-O 11.Qg5 Qf7 12.Be3 Nf6 13.f3 h6 14.Qa5 Kb8 15.O-O Nh5
16.Bxd4 Rxd4 17.Ne3 Rhd8 18.Rfd1 Nf4 19.Qe1 c5 20.c3 Nd3 21.Qg3 R4d7 22.Rd2 a6
23.Kh1 g5 24.h3 Nf4 25.Rxd7 Qxd7 26.Qf2 Qb5 27.b3 Qe2 28.Qxe2 Nxe2 29.Ng4 h5
30.Nf6 h4 31.Nh7 Nf4 32.e5 Rd7 33.Nxg5 Rg7 34.Ne4 Rxg2 35.Rg1 Rxa2 36.Nxc5 Rf2
37.Rg4 Rxf3 38.Rxh4 Rxc3 39.b4 Rxh3+ 40.Rxh3 Nxh3 41.Kg2 Ng5 42.Kg3 b6 43.Nxa6+ Kb7
44.b5 c5 45.Kf4 Nf7 46.Ke4 Nh6 47.Kd3 Nf5 48.Kc4 Ne3+ 49.Kd3 Nd5 50.Kc4 Nc7
51.Nxc5+ bxc5 52.Kxc5 Nd5 53.b6 Nf4  0-1